| 000 | 006450000a22001930004500 | ||
|---|---|---|---|
| 090 |
_aAR _b02357 |
||
| 245 | 1 | 0 | _aStudi dui Cicindelidi XV rassegna dei Cicindelidae dell'etiopia, con descrizione di cinque nuove entita sistematiche (<Coleptera>) |
| 650 | 1 | 4 |
_aEntomología _94483 |
| 650 | 1 | 4 |
_aSistemática animal _992968 |
| 650 | 1 | 4 |
_aMorfología animal _99953 |
| 650 | 1 | 4 |
_aNuevas especies _992905 |
| 650 | 1 | 4 |
_aColeópteros _97857 |
| 651 | 4 |
_pEtiopia _992749 |
|
| 653 | _fCicindelidae | ||
| 041 | 0 | _aItaliano | |
| 100 | 1 |
_aCassola, Fabio _99428 |
|
| 942 | _cARTICULO | ||
| 773 | 1 |
_tAccademia Nazionale dei Lincei _31119 _h243 _q75-124 _d1978 _g375 |
|
| 999 |
_c11428 _d11428 |
||